LEADER 02076nam 2200613 450 001 9910460105403321 005 20200520144314.0 010 $a1-78371-224-4 010 $a1-78371-223-6 035 $a(CKB)3710000000260849 035 $a(EBL)3386784 035 $a(SSID)ssj0001379225 035 $a(PQKBManifestationID)11757811 035 $a(PQKBTitleCode)TC0001379225 035 $a(PQKBWorkID)11351698 035 $a(PQKB)10217601 035 $a(MiAaPQ)EBC3386784 035 $a(MiAaPQ)EBC5390608 035 $a(Au-PeEL)EBL3386784 035 $a(CaPaEBR)ebr10954721 035 $a(CaONFJC)MIL987515 035 $a(OCoLC)896837487 035 $a(EXLCZ)993710000000260849 100 $a20141024h20142014 uy 0 101 0 $aeng 135 $aur|n|---||||| 181 $ctxt 182 $cc 183 $acr 200 10$aConstructed situations $ea new history of the situationist international /$fFrances Stracey 210 1$aLondon, England :$cPluto Press,$d2014. 210 4$dİ2014 215 $a1 online resource (200 p.) 225 1 $aMarxism and Culture 300 $aIncludes index. 311 $a0-7453-3526-8 311 $a0-7453-3527-6 320 $aIncludes bibliographical references and index. 327 $aSurviving history : a situational archive -- Industrial painting : towards a surplus of life -- Destruktion af RSG : the latest avant-garde -- Consuming the spectacle : the Watts Revolt and a new proletariat -- Situational radical subjectivity and photo-graffiti -- The situation of women. 410 0$aMarxism and culture. 606 $aAvant-garde (Aesthetics)$xHistory$y20th century 606 $aRadicalism$xHistory$y20th century 608 $aElectronic books. 615 0$aAvant-garde (Aesthetics)$xHistory 615 0$aRadicalism$xHistory 676 $a700.9045 700 $aStracey$b Frances$0903006 801 0$bMiAaPQ 801 1$bMiAaPQ 801 2$bMiAaPQ 906 $aBOOK 912 $a9910460105403321 996 $aConstructed situations$92018652 997 $aUNINA LEADER 03013nam 2200697Ia 450 001 9911018929503321 005 20250529170506.0 010 $a9786610974108 010 $a9781280974106 010 $a1280974109 010 $a9780470517772 010 $a0470517778 010 $a9780470517765 010 $a047051776X 035 $a(CKB)1000000000375872 035 $a(EBL)315075 035 $a(OCoLC)476106152 035 $a(SSID)ssj0000231056 035 $a(PQKBManifestationID)11220465 035 $a(PQKBTitleCode)TC0000231056 035 $a(PQKBWorkID)10197755 035 $a(PQKB)10379578 035 $a(MiAaPQ)EBC315075 035 $a(Perlego)2773894 035 $a(EXLCZ)991000000000375872 100 $a20070315d2007 uy 0 101 0 $aeng 135 $aur|n|---||||| 181 $ctxt 182 $cc 183 $acr 200 10$aQuality assurance in analytical chemistry /$fElizabeth Prichard and Vicki Barwick 210 $aChichester ;$aHoboken, NJ $cJohn Wiley & Sons ;$a[Teddington, Middlesex] $cVAM/LGC$dc2007 215 $a1 online resource (317 p.) 225 1 $aAnalytical techniques in the sciences 300 $aDescription based upon print version of record. 311 08$a9780470012048 311 08$a0470012048 311 08$a9780470012031 311 08$a047001203X 320 $aIncludes bibliographical references (p. [275]-276) and index. 327 $aQUALITY ASSURANCE IN ANALYTICAL CHEMISTRY; Contents; Series Preface; Preface; Acknowledgements; Acronyms, Abbreviations and Symbols; About the Authors; 1 The Need for Reliable Results; 2 General Principles of Quality Assurance and Quality Control; 3 Sampling; 4 Preparing for Analysis; 5 Making Measurements; 6 Data Treatment; 7 Benchmarking Your Laboratory; 8 Documentation and its Management; 9 Managing Quality; Appendix: Two-Tailed Critical Values for Student t-Tests; Responses to Self-Assessment Questions; Bibliography; Glossary of Terms; SI Units and Physical Constants; Periodic Table 327 $aIndex 330 $aThe issue of quality assurance in the analytical chemistry laboratory has become of great importance in recent years. Quality Assurance in Analytical Chemistry introduces the reader to the whole concept of quality assurance. It discusses how a 410 0$aAnalytical techniques in the sciences. 606 $aChemical laboratories$xQuality control 606 $aAnalytical chemistry$xQuality control 606 $aAnalytical chemistry$xTechnique 615 0$aChemical laboratories$xQuality control. 615 0$aAnalytical chemistry$xQuality control. 615 0$aAnalytical chemistry$xTechnique. 676 $a543.0685 700 $aPrichard$b F. Elizabeth$g(Florence Elizabeth)$021936 701 $aBarwick$b Vicki$0732848 801 0$bMiAaPQ 801 1$bMiAaPQ 801 2$bMiAaPQ 906 $aBOOK 912 $a9911018929503321 996 $aQuality assurance in analytical chemistry$91443895 997 $aUNINA